000 00449nam a2200181 a 4500
001 1003
005 20140414132114.0
008 041013s19uu xx 00 eng d
050 _aM 220.9
_bG69 1997
100 _a
245 _aGospel stories for children.
260 _aManila, Philippines :
_bPaulines.
300 _ap. : ill. ; cm.
500 _a
650 _aBible stories, N.T.
650 _aBible character, N.T.
999 _c114856
_d114856